Practica de los exercicios espirituales de San Ignacio de Loyola, fundador de la Compañia de Jesus

Detalles Bibliográficos
Autor principal: Torrubia, Pedro Tomás
Formato: Libro
Lenguaje:Spanish
Publicado: en Madrid 1761
Materias:
Colección:Banco de datos
Acervo:Biblioteca de la Congregación del Oratorio de San Felipe Neri de México. Iglesia La Profesa
Descripción Física:t. 8°
Tema general:Ascética
Notas:Portada tipográfica con pleca y monograma de la Sociedad de Jesús en grabado xilográfico. Texto a renglón seguido. Incluyen cabeceras de título en grabado xilográfico. Incluyen capitulares historiadas en grabado xilográfico. Cada tomo con portada y numeración propias. Año de los t. 1-2 publicados en 1761. Paginación: t. 1 CII, 560 p.; t. 2 626, XLIV p., [1] h. Encuadernación en pergamino sobre cartón (259-264, 4559). Encuadernación en cartón con lomo en piel (4822). Ex libris manuscrito en la portada: "Maria de la Luz de los Sns. Peregrinos" (4822). Sello en tinta del Oratorio de San Felipe Neri de México. Biblioteca La Profesa, D.F. (259-264, 4559, 4822). Daños en la encuadernación (259-262, 264). Testigo: anotación manuscrita en la p. 465 (262)
LEADER 01912nam a22001930004500
035 |a 198 
041 0 |a spa 
100 1 |a Torrubia, Pedro Tomás 
245 1 0 |a Practica de los exercicios espirituales de San Ignacio de Loyola, fundador de la Compañia de Jesus  |c por el P. Pedro Thomas Torrubia, de la Compañia de Jesus 
260 |a en Madrid  |b en la imprenta de la viuda de Manuel Fernandez  |c 1761 
300 |a  t.  |c 8° 
500 |a Portada tipográfica con pleca y monograma de la Sociedad de Jesús en grabado xilográfico. Texto a renglón seguido. Incluyen cabeceras de título en grabado xilográfico. Incluyen capitulares historiadas en grabado xilográfico. Cada tomo con portada y numeración propias. Año de los t. 1-2 publicados en 1761. Paginación: t. 1 CII, 560 p.; t. 2 626, XLIV p., [1] h. Encuadernación en pergamino sobre cartón (259-264, 4559). Encuadernación en cartón con lomo en piel (4822). Ex libris manuscrito en la portada: "Maria de la Luz de los Sns. Peregrinos" (4822). Sello en tinta del Oratorio de San Felipe Neri de México. Biblioteca La Profesa, D.F. (259-264, 4559, 4822). Daños en la encuadernación (259-262, 264). Testigo: anotación manuscrita en la p. 465 (262) 
505 0 0 |a t. 1 Las addiciones, annotaciones, meditaciones, oraciones vocales, lecciones espirituales, historiales, doctrinales, examenes, &c. con metodo aplicable à exercicios, assi publicos, como privados.-- t. 2 Las meditaciones, oraciones vocales, lecciones espirituales, historiales, doctrinales, examenes, &c. con methodo aplicable à exercicios, assi publicos, como privados 
504 |a Índice de contenido y fe de erratas 
650 1 0 |a Ascética 
949 |a Iglesia La Profesa, Biblioteca t. 1 (259, 260, 261, 4559); t. 2 (262, 263, 264, 4822) 
942 |c PROFESA 
943 |g Biblioteca de la Congregación del Oratorio de San Felipe Neri de México. Iglesia La Profesa 
999 |c 947009  |d 947009